00487nam a2200145Ia 4500008004100000041000800041082001700049100001700066245003700083260004100120300003200161365001100193999001500204952012200219240624s9999 xx 000 0 und d aeng a658.4013 BRA aBRAMHAM JOHN aBENCHMARKING FOR PEOPLE MANAGERS c2007aMumbaibJaico Publishing House axiii, : 225 : p. : cm. ; 23 cRSb30 c8213d8213 00104070aIMTNbIMTNcRack 27-Bd2008-01-23ePBg425.00o658.4013 BRAp8213r2024-06-24 00:00:00t1w2024-06-24yBK